000 00673nam a2200241 a 4500
001 0001-0995
003 ELIB.Books
008 141015 2010 eng
020 _a0060664991
035 _a(ELIB.Books)0001-1149
092 _a230
_bPen
100 _aPennington, M. Basil
245 _aThe Living Testament:
_bThe Essential Writings of Christianity since the Bible
260 _aSan Francisco
_bHarper & Row, Publishers
_c1985
300 _a381
_c23.3 Cm
500 _aDr. Yahalaylayla
650 _aChristianity
856 _nKBTS; Library
_uKBTS; Elib.
942 _2ddc
_cBK
990 _a1
998 _cbat
_e2014-10-15
999 _c10995
_d10995